000 00338nam a2200145Ia 4500
008 230718s9999 xx 000 0 und d
041 _aEng.
082 _a333.7
_bDAV-F
100 _aDavis, Trevar Desmoyers
245 0 _aForlorn Migrants
260 _aPakistan
_boxford wiffres
_c2000
300 _a383
650 _aLaw
999 _c26245
_d26245